<?xml version="1.0" encoding="UTF-8"?>
<record
    xmlns:xsi="http://www.w3.org/2001/XMLSchema-instance"
    xsi:schemaLocation="http://www.loc.gov/MARC21/slim http://www.loc.gov/standards/marcxml/schema/MARC21slim.xsd"
    xmlns="http://www.loc.gov/MARC21/slim">

  <leader>01977cas a2200505   4500</leader>
  <controlfield tag="001">30489</controlfield>
  <controlfield tag="003">BD-RjUL</controlfield>
  <controlfield tag="005">20211209051555.0</controlfield>
  <controlfield tag="008">140410s1973    nyuax         0 1 a0eng</controlfield>
  <datafield tag="030" ind1=" " ind2=" ">
    <subfield code="a">PYLMAI</subfield>
    <subfield code="z">PYLMA</subfield>
  </datafield>
  <datafield tag="035" ind1=" " ind2=" ">
    <subfield code="a">(BD-RjUL)30575</subfield>
    <subfield code="a">(OCoLC)ocm01638923 </subfield>
  </datafield>
  <datafield tag="040" ind1=" " ind2=" ">
    <subfield code="a">DLC</subfield>
    <subfield code="b">eng</subfield>
    <subfield code="c">MnMULS</subfield>
    <subfield code="d">CtY</subfield>
    <subfield code="d">NSDP</subfield>
    <subfield code="d">DLC</subfield>
    <subfield code="d">OCoLC</subfield>
    <subfield code="d">DLC</subfield>
    <subfield code="d">OCoLC</subfield>
    <subfield code="d">AIP</subfield>
    <subfield code="d">NSDP</subfield>
    <subfield code="d">AIP</subfield>
    <subfield code="d">OCoLC</subfield>
    <subfield code="d">MH</subfield>
    <subfield code="d">DLC</subfield>
    <subfield code="d">NST</subfield>
    <subfield code="d">DLC</subfield>
    <subfield code="d">MCM</subfield>
    <subfield code="d">PPBIO</subfield>
    <subfield code="d">MH</subfield>
    <subfield code="d">GU</subfield>
    <subfield code="d">DNLM</subfield>
    <subfield code="d">OCoLC</subfield>
    <subfield code="d">NSDP</subfield>
    <subfield code="d">NLGGC</subfield>
    <subfield code="d">CaQQL</subfield>
    <subfield code="d">MtU</subfield>
    <subfield code="d">CU-Riv</subfield>
    <subfield code="d">OCoLC</subfield>
    <subfield code="d">WaTU</subfield>
    <subfield code="d">OCoLC</subfield>
    <subfield code="d">BD-RjUL</subfield>
  </datafield>
  <datafield tag="041" ind1=" " ind2=" ">
    <subfield code="a">eng</subfield>
  </datafield>
  <datafield tag="060" ind1="0" ind2="0">
    <subfield code="a">W1</subfield>
    <subfield code="b">PS746U</subfield>
  </datafield>
  <datafield tag="082" ind1=" " ind2="4">
    <subfield code="a">153.1534</subfield>
    <subfield code="b">PSY V-7 1973</subfield>
  </datafield>
  <datafield tag="245" ind1="0" ind2="4">
    <subfield code="a">The Psychology of learning and motivation :</subfield>
    <subfield code="b">advances in research and theory /</subfield>
    <subfield code="c">edited by Gordon H. Bower.</subfield>
    <subfield code="n">Volume 7</subfield>
  </datafield>
  <datafield tag="260" ind1=" " ind2=" ">
    <subfield code="a">New York ;</subfield>
    <subfield code="a">San Diego [etc.] ;</subfield>
    <subfield code="b">Academic Press,</subfield>
    <subfield code="c">c1973.</subfield>
  </datafield>
  <datafield tag="300" ind1=" " ind2=" ">
    <subfield code="a">xiii, 370 p. :</subfield>
    <subfield code="b">ill. ;</subfield>
    <subfield code="c">24 cm.</subfield>
  </datafield>
  <datafield tag="321" ind1=" " ind2=" ">
    <subfield code="a">Annual,</subfield>
    <subfield code="b">1967-88</subfield>
  </datafield>
  <datafield tag="500" ind1=" " ind2=" ">
    <subfield code="a">"Advances in research and theory."</subfield>
  </datafield>
  <datafield tag="500" ind1=" " ind2=" ">
    <subfield code="a">Some vols. have also distinctive titles.</subfield>
  </datafield>
  <datafield tag="504" ind1=" " ind2=" ">
    <subfield code="a">Includes bibliographical references and index.</subfield>
  </datafield>
  <datafield tag="650" ind1=" " ind2="0">
    <subfield code="a">Motivation (Psychology)</subfield>
    <subfield code="v">Periodicals.</subfield>
    <subfield code="9">92644</subfield>
  </datafield>
  <datafield tag="650" ind1=" " ind2="0">
    <subfield code="a">Learning, Psychology of</subfield>
    <subfield code="v">Periodicals.</subfield>
    <subfield code="9">92645</subfield>
  </datafield>
  <datafield tag="650" ind1=" " ind2="2">
    <subfield code="a">Learning.</subfield>
    <subfield code="9">92646</subfield>
  </datafield>
  <datafield tag="650" ind1=" " ind2="2">
    <subfield code="a">Motivation.</subfield>
    <subfield code="9">92647</subfield>
  </datafield>
  <datafield tag="650" ind1="1" ind2="7">
    <subfield code="a">Leren.</subfield>
    <subfield code="2">gtt</subfield>
    <subfield code="9">92648</subfield>
  </datafield>
  <datafield tag="650" ind1="1" ind2="7">
    <subfield code="a">Motivatie.</subfield>
    <subfield code="2">gtt</subfield>
    <subfield code="9">92649</subfield>
  </datafield>
  <datafield tag="650" ind1=" " ind2="6">
    <subfield code="a">Motivation (Psychologie)</subfield>
    <subfield code="v">P&#xE9;riodiques.</subfield>
    <subfield code="9">92650</subfield>
  </datafield>
  <datafield tag="650" ind1=" " ind2="6">
    <subfield code="a">Apprentissage, Psychologie de l'</subfield>
    <subfield code="v">P&#xE9;riodiques.</subfield>
    <subfield code="9">92651</subfield>
  </datafield>
  <datafield tag="700" ind1="1" ind2=" ">
    <subfield code="a">Bower, Gordon H.</subfield>
    <subfield code="9">7148</subfield>
  </datafield>
  <datafield tag="776" ind1="1" ind2=" ">
    <subfield code="t">Psychology of learning and motivation (Online)</subfield>
    <subfield code="x">1557-802X</subfield>
    <subfield code="w">(DLC)  2005215179</subfield>
    <subfield code="w">(OCoLC)60616576</subfield>
  </datafield>
  <datafield tag="776" ind1="0" ind2="8">
    <subfield code="i">Online version:</subfield>
    <subfield code="t">Psychology of learning and motivation</subfield>
    <subfield code="w">(OCoLC)560638312</subfield>
  </datafield>
  <datafield tag="936" ind1=" " ind2=" ">
    <subfield code="a">Vol. 27, published in 1991 LIC</subfield>
  </datafield>
  <datafield tag="942" ind1=" " ind2=" ">
    <subfield code="2">ddc</subfield>
    <subfield code="c">BK</subfield>
  </datafield>
  <datafield tag="999" ind1=" " ind2=" ">
    <subfield code="c">30489</subfield>
    <subfield code="d">30489</subfield>
  </datafield>
  <datafield tag="952" ind1=" " ind2=" ">
    <subfield code="0">0</subfield>
    <subfield code="1">0</subfield>
    <subfield code="2">ddc</subfield>
    <subfield code="4">0</subfield>
    <subfield code="7">1</subfield>
    <subfield code="8">NFIC</subfield>
    <subfield code="a">RUCL</subfield>
    <subfield code="b">RUCL</subfield>
    <subfield code="c">Reading</subfield>
    <subfield code="d">1981-12-21</subfield>
    <subfield code="e">Heffers</subfield>
    <subfield code="g">19.30</subfield>
    <subfield code="l">0</subfield>
    <subfield code="o">153.1534 PSY V-7 1973</subfield>
    <subfield code="r">2014-04-10 00:00:00</subfield>
    <subfield code="t">C-1</subfield>
    <subfield code="w">2014-04-10</subfield>
    <subfield code="y">BK</subfield>
  </datafield>
</record>
